Départements et Préfecture française dans le désordre - Statistiques

Statistiques générales
  • Ce quiz a été pris 40 fois
  • Le résultat moyen est 42 sur 101
Statistiques - réponses
Hint Réponse % Correct
20A Corse-du-Sud Ajaccio
67%
13 Bouches-du-Rhône Marseille
63%
17 Charente-Maritime La Rochelle
63%
33 Gironde Bordeaux
63%
56 Morbihan Vannes
63%
75 Paris Paris
63%
1 Ain Bourg en Bresse
59%
26 Drôme Valence
59%
29 Finistère Quimper
59%
72 Sarthe Le Mans
59%
73 Savoie Chambéry
59%
76 Seine maritime Rouen
59%
6 Alpes-Maritimes Nice
56%
21 Côte-d'or Dijon
56%
20B Haute-Corse Bastia
56%
38 Isère Grenoble
56%
59 Nord Lille
56%
69 Rhône Lyon
56%
3 Allier Moulin
52%
7 Ardèche Privas
52%
67 Bas-Rhin Strasbourg
52%
14 Calvados Caen
52%
15 Cantal Aurillac
52%
27 Eure Evreux
52%
34 Hérault Montpellier
52%
36 Indre Châteauroux
52%
40 Landes Mont-de-Marsan
52%
44 Loire-atlantique Nantes
52%
90 Territoire de Belfort Belfort
52%
85 Vendée La Roche-sur-Yon
52%
4 Alpes-de-Haute-Provence Digne-les-Bains
48%
16 Charente Angoulême
48%
79 Deux-Sèvres Niort
48%
28 Eure-et-Loir Chartres
48%
31 Haute-Garonne Toulouse
48%
74 Haute-Savoie Annecy
48%
45 Loiret Orléans
48%
50 Manche Saint-Lô
48%
60 Oise Beauvais
48%
66 Pyrénées-orientales Perpignan
48%
80 Somme Amiens
48%
83 Var Toulon
48%
78 Yvelines Versailles
48%
10 Aube Troyes
44%
12 Aveyron Rodez
44%
30 Gard Nîmes
44%
5 Hautes-Alpes Gap
44%
35 Ile-et-Vilaine Rennes
44%
974 La Réunion Saint-Denis
44%
49 Maine-et-Loire Angers
44%
61 Orne Alençon
44%
64 Pyrénées-atlantiques Pau
44%
86 Vienne Poitiers
44%
88 Vosges Epinal
44%
2 Aisne Laon
41%
19 Corrèze Tulle
41%
23 Creuse Guéret
41%
24 Dordogne Périgueux
41%
65 Hautes-Pyrénées Tarbes
41%
87 Haute Vienne Limoges
41%
37 Indre-et-Loire Tours
41%
42 Loire Saint-Etienne
41%
71 Saône-et-Loire Mâcon
41%
9 Ariège Foix
37%
11 Aude Carcassone
37%
22 Côte-d'Armor Saint-Brieuc
37%
971 Guadeloupe Basse-Terre
37%
39 Jura Lons-le-Saunier
37%
47 Lot-et-Garonne Agen
37%
972 Martinique Fort-de-France
37%
976 Mayotte Mamoudzou
37%
62 Pas-de-Calais Arras
37%
82 Tarn-et-Garonne Montauban
37%
8 Ardennes Charleville-Mézières
33%
32 Gers Auch
33%
973 Guyane Cayenne
33%
70 Haute-Saône Vesoul
33%
46 Lot Cahors
33%
53 Mayenne Laval
33%
63 Puy de Dôme Clermont-Ferrant
33%
77 Seine et Marne Melun
33%
81 Tarn Albi
33%
91 Essonne Evry-Courcouronnes
30%
43 Haute-Loire Le Puy-en-Velay
30%
48 Lozère Mende
30%
51 Marne Châlons-en-Champagne
30%
52 Haute-Marne Chaumont
26%
54 Meurthe et moselle Nancy
26%
93 Seine-Saint-Denis Bobigny
26%
94 Val-de-Marne Créteil
26%
68 Haut-Rhin Colmart
22%
41 Loir-et-Cher Blois
22%
55 Meuse Bar-le-Duc
22%
57 Moselle Metz
22%
95 Val-d'Oise Pontoise
22%
92 Haut-de-Seine Nanterre
15%
58 Nièvres Nevers
11%
25 Doubs Besonçon
7%
84 Vaucluse Avigon
7%
18 Chers Bourges
4%
89 Yonne Auxers
0%
Aucun quiz correspondant
Distribution des résultats
% des personnes avec chaque résultat
Percentile par nombre de réponses
Votre historique - résultats
Vous n’avez pas pris ce quiz